00321nam a2200133Ia 45000030006000000080041000060400015000471000014000622450045000762500010001212600027001315460012001580050017001700STCL150530s9999 xx 000 0 und d aSTCLcSTCL aRoe, F.W. aThomas carlyle as a critic of literature aFirst bUniversity pressc1910 aEnglish20220125171155.0